Technology transfer in Europe

Na minha lista:
Detalhes bibliográficos
Autor principal: Charles, David
Formato: Livro
Idioma:Undetermined
Publicado em: London Belhaven Press 1992
Assuntos:
Tags: Adicionar Tag
Sem tags, seja o primeiro a adicionar uma tag!
Thư viện lưu trữ: Trung tâm Học liệu Trường Đại học Cần Thơ
LEADER 00497nam a2200181Ia 4500
001 CTU_83666
008 210402s9999 xx 000 0 und d
082 |a 338.9406 
082 |b C475 
100 |a Charles, David 
245 0 |a Technology transfer in Europe 
245 0 |c David Charles 
260 |a London 
260 |b Belhaven Press 
260 |c 1992 
650 |a Technology transfer,European economic 
904 |i QHieu(sửa) 
980 |a Trung tâm Học liệu Trường Đại học Cần Thơ